|
|
|
|
| LEADER |
02522nam a2200649 i 4500 |
| 001 |
nkc20203258419 |
| 003 |
CZ PrNK |
| 005 |
20250103094041.0 |
| 007 |
ta |
| 008 |
201014s2020 xr acehe f 000 0dcze |
| 015 |
|
|
|a cnb003258419
|
| 020 |
|
|
|a 978-80-270-8638-2
|q (brožováno)
|
| 035 |
|
|
|a (OCoLC)1237097938
|
| 040 |
|
|
|a ABA001
|b cze
|e rda
|
| 043 |
|
|
|a e-xr---
|b e-xr-pg
|2 czenas
|
| 045 |
|
|
|a x-y-
|
| 072 |
|
7 |
|a 72
|x Architektura
|2 Konspekt
|9 21
|
| 080 |
|
|
|a 728
|2 MRF
|
| 080 |
|
|
|a 728.22
|2 MRF
|
| 080 |
|
|
|a 72.036.3
|2 MRF
|
| 080 |
|
|
|a 929-058.1
|2 MRF
|
| 080 |
|
|
|a (437.311)
|2 MRF
|
| 080 |
|
|
|a (036)
|2 MRF
|
| 100 |
1 |
|
|a Franta, Petr,
|d 1948-
|7 xx0020925
|4 aut
|
| 245 |
1 |
0 |
|a Londýnská ulice :
|b příběhy domů a lidí /
|c Petr Franta, Vladimír Šlapeta
|
| 250 |
|
|
|a První vydání
|
| 264 |
|
1 |
|a [Praha] :
|b městská část Praha 2,
|c 2020
|
| 300 |
|
|
|a 71 stran :
|b ilustrace (převážně barevné), portréty, plány, faksimile ;
|c 21 cm
|
| 336 |
|
|
|a text
|b txt
|2 rdacontent
|
| 336 |
|
|
|a statický obraz
|b sti
|2 rdacontent
|
| 337 |
|
|
|a bez média
|b n
|2 rdamedia
|
| 338 |
|
|
|a svazek
|b nc
|2 rdacarrier
|
| 500 |
|
|
|a 500 výtisků
|
| 504 |
|
|
|a Obsahuje bibliografii
|
| 648 |
|
7 |
|a 20. století
|7 ch460558
|2 czenas
|
| 648 |
|
7 |
|a 20.-21. století
|7 ch462155
|2 czenas
|
| 650 |
0 |
7 |
|a obytné domy
|7 ph115537
|z Česko
|y 20. století
|2 czenas
|
| 650 |
0 |
7 |
|a nájemní domy
|7 ph207154
|z Česko
|y 20. století
|2 czenas
|
| 650 |
0 |
7 |
|a funkcionalismus (architektura)
|7 ph114595
|z Česko
|2 czenas
|
| 650 |
0 |
7 |
|a osobnosti
|7 ph115615
|z Česko
|y 20.-21. století
|2 czenas
|
| 650 |
0 |
9 |
|a dwelling-houses
|z Czechia
|y 20th century
|2 eczenas
|
| 650 |
0 |
9 |
|a rental houses
|z Czechia
|y 20th century
|2 eczenas
|
| 650 |
0 |
9 |
|a funktionalism (architecture)
|z Czechia
|2 eczenas
|
| 650 |
0 |
9 |
|a celebrities
|z Czechia
|y 20th-21st centuries
|2 eczenas
|
| 651 |
|
7 |
|a Londýnská ulice (Praha, Česko)
|7 ge1098357
|2 czenas
|
| 651 |
|
9 |
|a Londýnská ulice Street (Prague, Czechia)
|2 eczenas
|
| 655 |
|
7 |
|a průvodce
|7 fd133154
|2 czenas
|
| 655 |
|
7 |
|a informační publikace
|7 fd132454
|2 czenas
|
| 655 |
|
9 |
|a guidebooks
|2 eczenas
|
| 655 |
|
9 |
|a information publications
|2 eczenas
|
| 700 |
1 |
|
|a Šlapeta, Vladimír,
|d 1947-
|7 jk01130435
|4 aut
|
| 910 |
2 |
|
|a BOA001
|b 2-1457.440
|
| 990 |
|
|
|a BK
|
| 995 |
|
|
|a 01
|
| 991 |
|
|
|b 202101
|c NOV
|
| 996 |
6 |
|
|b 2610847819
|c 2-1457.440
|l MZK
|r Sklad / do 1 hodiny
|n 0
|p p.v.
|w 001836650
|u 000010
|a 1
|e BOA001
|j MZK50
|s P
|
| 996 |
7 |
|
|b 2610882499
|c 2-1457.440
|l MZK
|r Sklad / do 1 hodiny
|n 0
|p dar
|w 001836650
|u 000020
|a 1
|e BOA001
|j MZK50
|s A
|